000 00959nam a2200277Ia 4500
001 Para_10336
003 CHAP
008 220125sOctu xx 000 0 und d
010 _a208991
040 _cCHAP
090 _aPA CD - TESIS 366
100 _aHuerta Pérez, Jesús
_956701
245 _aControl químico de Tetranychus urticae (Koch) en el cultivo del rosal en Chiautzingo, Puebla /
_c Jesús Huerta Pérez; Director Juan Fernando Solís Aguilar
260 _aChapingo, Méx. :
_b el autor
300 _a1 CDS ROM ( 81p.)
502 _aTesis (M.C. en Protección Vegetal). UACh. Departamento Parasitología Agrícola
700 _aSolìs Aguilar, Juan Fernando. Director
_9171333
710 _aUACh Departamento Parasitología Agrícola
901 _aPA CD - TESIS 366
902 _aM
905 _a513220Octubre, 2014 abnm8100000000 06
910 _aOctu
942 _cPARA
942 _cPARA
_d2
999 _c208991
_d208991